[Event "3rd Shenzhen Longgong Masters Dute Cup"]
[Site "Shenzhen"]
[Date "2019.04.25"]
[Round "8.1"]
[White "Yu, Yangyi"]
[Black "Jakovenko, Dmitry"]
[Result "1/2-1/2"]
[WhiteElo "2751"]
[BlackElo "2719"]
[Annotator "TA"]
[PlyCount "148"]
[EventDate "2019.04.17"]
[EventType "tourn"]
[EventCountry "CHN"]
[SourceTitle "playchess.com"]
[Source "ChessBase"]
[SourceQuality "1"]

{[%evp 13,148,-3,7,8,6,7,0,0,14,0,0,0,0,0,0,0,0,0,0,0,0,-5,8,0,2,-4,0,0,7,4,0,0,45,45,45,46,48,43,54,35,43,20,20,20,31,20,32,23,20,0,31,21,22,13,13,25,16,22,61,35,29,12,53,33,46,23,26,33,32,42,37,33,52,32,52,40,63,58,71,54,125,129,133,131,170,166,174,164,156,153,149,136,122,108,108,104,95,45,54,52,52,49,58,50,50,45,65,8,7,8,8,8,8,0,0,0,10,6,6,6,6,6,43,43,43,43,43,0,45,0,0,0,0,0,0,0,0]} 1. d4 Nf6 2. c4 e6 3. Nf3 d5 4. Nc3 Be7 5. cxd5 exd5 6. Bf4 c6 7. e3 Bf5 8. Nh4 {D35: Queen's Gambit Declined: Exchange Variation} (8. h3 Nbd7 9. a3 O-O 10. Be2 Ne4 11. Nxe4 Bxe4 12. O-O a5 13. Nd2 Bg6 14. Bh5 Bd3 15. Be2 Bg6 16. Bh5 Bd3 17. Be2 {½-½ (17) Ganguly,S (2654)-Sargissian,G (2680) Bursa 2010}) 8... Bg4 9. Be2 Bxe2 10. Qxe2 g6 11. Nf3 Nbd7 12. Bh6 Ng4 13. Bf4 Ngf6 14. O-O O-O 15. h3 $146 ({Predecessor:} 15. Rac1 Nh5 16. Bh6 Re8 17. Rfe1 Nf8 {1-0 (45) Rooms,T (2268)-Daurelle,H (2270) IECG email 2000}) 15... Re8 16. Rad1 Bf8 17. Bh2 Qe7 18. Qc2 Ne4 19. Nxe4 Qxe4 20. Qb3 b6 21. Rc1 Qe6 22. Rfd1 Bd6 23. Bxd6 Qxd6 24. Ne1 Rac8 25. Nd3 Rc7 26. Rc2 Rec8 27. Rdc1 c5 {aiming for ...c4.} 28. Qa3 h6 29. b3 Kh7 30. Rc3 Qe7 31. R3c2 Qd6 32. Qa4 Nf6 33. dxc5 bxc5 34. Qf4 Qxf4 35. Nxf4 a5 36. Kf1 Kg7 37. Ke1 Kf8 38. Ne2 c4 39. Nd4 Ne4 40. bxc4 dxc4 41. Rb1 Rc5 42. Rb6 Ke7 43. Nb5 Rd5 44. f3 Nd6 45. Nc3 Rd3 46. e4 Kd7 {[#]} ({Black should play} 46... f5 $14) 47. Ra6 $1 $16 Rc5 48. Na4 Rb5 49. Nb6+ Kd8 50. Ke2 ({Inferior is} 50. Nxc4 Nxc4 51. Rxc4 Rb2 $11) 50... Rd4 51. Nd5 Kd7 52. Ra7+ Kd8 53. h4 Rc5 54. Ra6 Kd7 55. Rd2 Rxd2+ 56. Kxd2 $14 {[%mdl 4096] Endgame KRN-KRN} f5 57. Ra7+ Kd8 58. Nc3 fxe4 59. fxe4 g5 $1 60. Rh7 (60. h5 $14) 60... Re5 $1 $11 61. Ke3 Nf5+ 62. Kf2 Nd6 $1 63. Ke3 {Black must now prevent Kd4.} Nf5+ 64. Kf2 Nd6 $1 65. Rxh6 Nxe4+ 66. Nxe4 Rxe4 67. hxg5 {KR-KR} c3 68. Rc6 Ra4 $1 69. Rxc3 {Strongly threatening a3.} Rxa2+ 70. Kf3 Ke7 71. g3 Kf7 {The position is equal.} 72. Kg4 a4 73. Rc6 Kg7 74. Ra6 a3 {Accuracy: White = 54%, Black = 64%.} 1/2-1/2

[Event "3rd Shenzhen Longgong Masters Dute Cup"]
[Site "Shenzhen"]
[Date "2019.04.25"]
[Round "8.2"]
[White "Giri, Anish"]
[Black "Ding, Liren"]
[Result "1/2-1/2"]
[WhiteElo "2797"]
[BlackElo "2809"]
[Annotator "TA"]
[PlyCount "86"]
[EventDate "2019.04.17"]
[EventType "tourn"]
[EventCountry "CHN"]
[SourceTitle "playchess.com"]
[Source "ChessBase"]
[SourceQuality "1"]

{[%evp 12,86,12,13,8,12,12,12,12,19,13,9,0,0,0,-6,5,0,4,0,15,3,39,32,31,-14,30,27,38,26,57,53,61,42,55,46,48,43,95,0,0,0,0,-9,-8,-51,-51,-52,-41,-41,-48,-51,-51,-51,-27,-27,-27,-27,-4,-27,-27,-27,-27,-27,-27,-27,-27,-27,-27,-28,-22,-37,-22,-22,-22,-22,-22]} 1. e4 e5 2. Nf3 Nc6 3. Bc4 Bc5 4. c3 Nf6 5. d3 d6 6. O-O O-O 7. Re1 a5 {C54: Giuoco Piano: 4 c3 Nf6, main lines with 5 d4 and 5 d3} 8. h3 h6 9. Nbd2 Be6 10. Bb5 Qb8 11. Bxc6 bxc6 12. d4 exd4 13. cxd4 Bb4 {[#]} 14. a3 $146 ({Predecessor:} 14. Re2) 14... Bxd2 $1 15. Nxd2 Re8 16. b3 d5 17. e5 $36 {[%mdl 2048] Black is under pressure.} Nd7 18. Qh5 c5 (18... Qb6 $5 {[%cal Rb6d4]}) 19. Re3 f5 20. exf6 Bf7 21. Qh4 Rxe3 22. fxe3 {aiming for fxg7.} Qe8 23. Nf3 {fxg7 is the strong threat.} Nxf6 24. dxc5 Bg6 ({Black should play} 24... c6 $14) 25. Bb2 (25. Qf4 $16) 25... Qxe3+ $11 26. Kh2 Rf8 27. Bd4 Qxb3 28. Ne5 (28. Qg3 $5 {[%cal Rg3g6]} Be4 29. Qxc7 $15) 28... Be4 {And now ...Qa4 would win.} 29. Ng4 {[%cal Rd4f6] [#]} Qc2 $1 {[%csl Ge4][%cal Rc2g2]} 30. Rg1 {[%cal Rg4f6]} Nxg4+ 31. Qxg4 {[%csl Gd4][%cal Rg4g7]} Rf7 32. Rf1 {Black must now prevent Rxf7.} Bf5 33. Qf4 Qe2 {[#] Hoping for ...Bg6.} (33... c6 {seems wilder.} 34. Rf2 Qe4 35. Qxe4 Bxe4 36. Rxf7 Kxf7 37. g4 Bc2) 34. Rf2 Qe6 35. Qe5 Qxe5+ 36. Bxe5 {[%mdl 4096] Endgame KRB-KRB} c6 37. g4 Be4 38. Rxf7 Kxf7 {KB-KB} 39. h4 g6 40. Kg3 Ke6 41. Bd4 h5 42. gxh5 gxh5 43. Kf4 a4 {Accuracy: White = 71%, Black = 58%.} 1/2-1/2

[Event "3rd Shenzhen Longgong Masters Dute Cup"]
[Site "Shenzhen"]
[Date "2019.04.25"]
[Round "8.3"]
[White "Rapport, Richard"]
[Black "Harikrishna, Pentala"]
[Result "1-0"]
[WhiteElo "2726"]
[BlackElo "2723"]
[Annotator "TA"]
[PlyCount "135"]
[EventDate "2019.04.17"]
[EventType "tourn"]
[EventCountry "CHN"]
[SourceTitle "playchess.com"]
[Source "ChessBase"]
[SourceQuality "1"]

{[%evp 9,135,2,7,-10,-10,-4,0,-8,-5,0,3,0,20,17,22,13,14,6,2,5,33,41,32,33,31,30,45,18,33,0,45,28,39,12,39,44,43,28,36,27,47,54,43,34,34,43,35,31,48,21,47,35,46,11,72,66,69,60,58,0,0,0,41,5,8,8,10,6,13,8,10,8,63,63,63,50,63,56,56,68,80,41,41,41,41,19,29,29,109,95,135,152,219,25,25,25,25,25,27,8,8,0,26,26,27,25,745,761,593,558,932,918,2079,1798,1760,808,2097,2160,1496,1120,29976,29976,29983,29984,29984,29985,29985,29986]} 1. Nf3 Nf6 2. g3 d5 3. Bg2 e6 4. O-O Be7 5. d3 O-O 6. Bf4 {A07: Réti Opening: New York and Capablanca Systems} (6. Nbd2 Nc6 7. b3 a5 8. Bb2 a4 9. a3 axb3 10. cxb3 Nb8 11. e4 c5 12. exd5 exd5 13. d4 b6 14. Re1 Nc6 {½-½ (33) Vachier Lagrave,M (2778)-Kryvoruchko,Y (2698) Germany 2019}) 6... b6 7. e4 $146 ({Predecessor:} 7. Nbd2 Bb7 8. a3 c5 9. c4 Nbd7 10. Rb1 Nh5 11. e3 Nxf4 12. gxf4 Nf6 13. cxd5 Nxd5 {0-1 (73) Didier,J (1780)-Veillerette,P (1920) France 2006}) 7... dxe4 8. dxe4 {The position is equal.} Bb7 9. e5 Qxd1 10. Rxd1 Nfd7 11. Nc3 a6 12. h4 h6 13. a4 Rd8 14. h5 Nf8 15. Rxd8 Bxd8 16. Rd1 Be7 17. g4 Bb4 18. Na2 Be7 19. Nc3 Bb4 20. Ne2 Be7 21. Kh2 Ra7 22. Nd2 Bxg2 23. Kxg2 c5 24. Nc4 Rd7 25. Ra1 Bd8 26. Be3 Nc6 27. f4 Nb4 28. Rc1 Nd5 {Strongly threatening ...b5.} 29. Bf2 Bc7 30. Kf3 f6 31. exf6 (31. a5 $5) 31... gxf6 (31... Nh7 $1 $11 {remains equal.}) 32. Ne3 $16 Nb4 33. Bh4 Kf7 34. Ng3 Rd4 35. Ne2 Rd7 36. g5 hxg5 37. fxg5 fxg5 38. Bxg5 Nh7 39. Bh4 $36 {[%mdl 2048] White is pushing.} Nd5 40. Rd1 Ndf6 (40... Kg7 $11) 41. Rxd7+ $14 Nxd7 42. Ng4 Ne5+ 43. Nxe5+ Bxe5 {[%mdl 4096] Endgame KBN-KBN} 44. b3 b5 45. c4 bxa4 46. bxa4 Nf8 47. Ng3 Nd7 48. Ne4 Nb6 (48... Bd4 $11 {keeps the balance.}) 49. Nxc5 $16 Nxc4 50. Nxa6 Bd6 (50... Kg7 $16 51. Bg3 Kh6) 51. Bd8 $2 (51. Bg3 $18) 51... Nb2 $1 $11 52. a5 Nc4 53. Kg4 {And now Kg5 would win.} Ne5+ 54. Kg5 {Nc7 is the strong threat.} Nf3+ 55. Kg4 Ne5+ 56. Kh4 {Threatens to win with Nc7.} Nc4 $1 57. Kg5 Ba3 $2 {[%mdl 8192]} (57... Kg8 $11) 58. Nb8 $1 $18 Bc1+ 59. Kh4 Ke8 {[#]} 60. Bc7 $1 Be3 61. a6 Na3 {[#]} 62. Kg4 (62. Bf4 $142 $1 {[%mdl 512]} Bf2+ (62... Bxf4 63. a7) 63. Kg5) 62... Nb5 63. Bf4 Bc5 64. Nc6 Kd7 65. Ne5+ {White mates.} Ke8 66. h6 Bf8 67. h7 Bg7 68. Kh5 {Accuracy: White = 64%, Black = 56%.} 1-0

[Event "3rd Shenzhen Longgong Masters Dute Cup"]
[Site "Shenzhen"]
[Date "2019.04.26"]
[Round "9.1"]
[White "Harikrishna, Pentala"]
[Black "Yu, Yangyi"]
[Result "1-0"]
[WhiteElo "2723"]
[BlackElo "2751"]
[Annotator "TA"]
[PlyCount "113"]
[EventDate "2019.04.17"]
[EventType "tourn"]
[EventCountry "CHN"]
[SourceTitle "playchess.com"]
[Source "ChessBase"]
[SourceQuality "1"]

{[%evp 9,113,13,13,17,14,23,18,12,18,18,14,2,4,7,11,0,16,12,14,12,25,18,26,0,21,1,52,47,50,15,16,25,43,43,56,52,81,72,69,66,75,58,56,39,166,185,169,176,212,207,213,179,189,181,185,185,185,187,186,167,197,218,232,243,262,236,270,268,259,263,264,257,298,244,254,243,312,317,437,412,505,504,506,498,495,410,394,351,344,342,334,334,334,334,547,544,805,779,753,733,718,718,1746,1755,1167,1104]} 1. e4 e5 2. Nf3 Nf6 3. Nxe5 d6 4. Nd3 Nxe4 5. Qe2 Qe7 6. Nc3 {Strongly threatening Nd5. C42: Petroff Defence: 3 Nxe5 and unusual White 3rd moves} Nf6 7. Nf4 c6 8. d4 {The position is equal.} Qxe2+ 9. Bxe2 d5 10. O-O Bd6 11. Bd3 O-O 12. Nfe2 $146 Ne8 13. Re1 Nd7 14. Bf4 Nb6 15. f3 a5 16. a4 Bd7 17. b3 h6 (17... Bb4 $11) 18. Nd1 $14 g5 19. Bxd6 Nxd6 20. Nb2 Rac8 21. Kf2 Na8 22. h4 f6 23. Rh1 Kg7 24. Ng3 Nc7 25. c4 b6 26. Rac1 dxc4 (26... f5 $14) 27. Nxc4 $18 Nxc4 28. bxc4 Rcd8 {[#]} 29. Rb1 $1 Be6 30. hxg5 ({Don't play} 30. Rxb6 $6 Rxd4 31. Ke3 (31. Rxc6 Rxd3 32. hxg5 hxg5 $16) 31... Rfd8 $16) 30... fxg5 31. Rxb6 Rxd4 32. Ke3 ({Don't do} 32. Rxc6 $6 Rxd3 33. Rxc7+ Rd7 $16) 32... Rfd8 {[#]} 33. Be2 $1 R4d7 34. Rxc6 Re7 {White must now prevent ...Bd5+.} 35. Kf2 Rdd7 36. Rb1 Ne8 37. Rbb6 Kf7 38. Ne4 {Nc5 is the strong threat.} Rc7 39. Rxc7 Rxc7 40. c5 Ke7 41. Ra6 Ng7 42. Rxa5 Nf5 43. Ra8 Bd5 44. Rh8 Ke6 45. a5 {[%cal Ba4a5,Ba5a6][%mdl 32]} Ke5 46. a6 Nd4 47. Re8+ Ne6 48. Bb5 Kd4 49. Nf6 Kxc5 50. Nxd5 Kxd5 {[%mdl 4096] Endgame KRB-KRN} 51. Bd3 Nc5 $2 (51... h5 52. Be4+ Kd6) 52. Be4+ {White is clearly winning.} Nxe4+ 53. Rxe4 Ra7 54. Ra4 Kc5 55. Kg3 Kb5 56. Ra2 h5 57. f4 {Accuracy: White = 83%, Black = 37%.} 1-0

[Event "3rd Shenzhen Longgong Masters Dute Cup"]
[Site "Shenzhen"]
[Date "2019.04.26"]
[Round "9.2"]
[White "Jakovenko, Dmitry"]
[Black "Ding, Liren"]
[Result "1/2-1/2"]
[WhiteElo "2719"]
[BlackElo "2809"]
[Annotator "TA"]
[PlyCount "84"]
[EventDate "2019.04.17"]
[EventType "tourn"]
[EventCountry "CHN"]
[SourceTitle "playchess.com"]
[Source "ChessBase"]
[SourceQuality "1"]

{[%evp 9,84,18,15,23,14,14,8,14,14,8,6,22,19,10,8,0,3,0,0,0,0,-6,-2,0,-12,-16,0,0,52,71,140,149,128,22,27,50,20,22,44,14,33,0,58,30,51,0,30,20,33,31,26,25,27,30,22,14,24,12,12,17,26,0,0,0,0,0,0,0,0,0,0,0,0,0,0,0,0]} 1. e4 c5 2. Nf3 d6 3. Bb5+ Nd7 4. O-O a6 5. Bd3 Ngf6 6. Re1 {B51: Sicilian: Moscow Variation (3 Bb5+) without 3...Bd7} e6 7. a4 (7. c3 b5 8. Bc2 c4 9. a4 Bb7 10. d4 cxd3 11. Qxd3 Nc5 12. Qe2 bxa4 {½-½ (63) Amin,B (2709)-Cheparinov,I (2711) Germany 2019}) 7... b6 8. c3 Bb7 9. Qe2 Qc7 10. Na3 Be7 11. Bb1 e5 $146 ({Predecessor:} 11... O-O 12. d4 Rfc8 {½-½ (28) Xu,Y (2456)-Liu,Y (2413) Chengdu 2017}) 12. d4 cxd4 13. cxd4 exd4 14. Nxd4 O-O 15. Qc4 Qd8 16. Nf5 Re8 17. Bg5 Bf8 18. Ba2 Ne5 (18... Bxe4 $11 19. Qxf7+ Kh8) 19. Qb3 $14 Bc8 ({Black should try} 19... d5) 20. f4 $36 {[%mdl 2048] White is in control.} Be6 21. Qg3 (21. Bxf6 $1 $16 gxf6 22. Qg3+ Ng6 23. Bxe6 fxe6 24. Nh4) 21... Ng6 $1 $11 {Black wants to play ...Bxa2.} 22. Bxe6 $1 fxe6 23. Nd4 e5 $1 {[%cal Re5d4]} 24. fxe5 Nxe5 25. Nac2 Nf7 (25... Ned7 $1 $11) 26. Bh4 Kh8 27. Nb4 (27. Rf1 $14 g5 28. Qb3 (28. Bxg5 Nxg5 29. Qxg5 Nxe4 $11) 28... gxh4 29. Qxf7) 27... g5 (27... d5 {seems wilder.} 28. Nbc6 Qd7 29. exd5 Nxd5 30. Kh1 Bc5) 28. Bxg5 Nxg5 29. Qxg5 {[#] Nbc6 is the strong threat.} Nxe4 30. Qxd8 Raxd8 31. Nxa6 {Threatens to win with Nc7.} Bg7 32. Rad1 {And now Nc7 would win.} Rc8 33. Nb5 {Black must now prevent Nac7.} Bxb2 34. Nac7 Re5 35. Re2 Nc3 {The position is equal.} 36. Nxc3 Bxc3 37. Rxe5 Bxe5 {KRB-KRN} 38. Nb5 Rc6 39. Nd4 Rc4 40. Nf3 Bf4 41. Rd3 Rxa4 42. g3 Be5 {Accuracy: White = 59%, Black = 69%.} 1/2-1/2

[Event "3rd Shenzhen Longgong Masters Dute Cup"]
[Site "Shenzhen"]
[Date "2019.04.26"]
[Round "9.3"]
[White "Rapport, Richard"]
[Black "Giri, Anish"]
[Result "1/2-1/2"]
[WhiteElo "2726"]
[BlackElo "2797"]
[Annotator "TA"]
[PlyCount "63"]
[EventDate "2019.04.17"]
[EventType "tourn"]
[EventCountry "CHN"]
[SourceTitle "playchess.com"]
[Source "ChessBase"]
[SourceQuality "1"]

{[%evp 15,63,22,23,17,12,20,0,0,0,0,0,0,0,7,2,9,8,0,0,0,0,0,0,0,0,0,0,0,0,0,0,0,0,0,0,0,0,0,0,0,0,0,0,0,0,0,0,0,0,0]} 1. Nf3 d5 2. g3 Nf6 3. Bg2 e6 4. O-O Be7 5. c4 O-O 6. d4 dxc4 7. Qc2 a6 8. a4 Bd7 9. Rd1 $146 {E05: Open Catalan: 5 Nf3 Be7} ({Predecessor:} 9. Bg5 Bc6 {½-½ (32) Wojtaszek,R (2744)-Giri,A (2777) Shamkir 2018}) 9... Bc6 {The position is equal.} 10. Bg5 b5 11. Bxf6 Bxf6 12. Nc3 Qe8 13. d5 exd5 14. Nd4 $1 Qe5 15. e4 dxe4 16. axb5 axb5 17. Nxc6 Nxc6 18. Rxa8 $1 Rxa8 19. Qxe4 Qxe4 20. Bxe4 Ra6 {[#] aiming for ...Nd4.} 21. Nxb5 Ne5 22. Nxc7 Ra2 23. Rb1 Nd7 24. Rc1 Rxb2 25. Rxc4 Rb8 26. Nd5 Bd8 27. Kg2 (27. Bf5 {keeps more tension.} Nf8 28. Rc6 g6 29. Bc8 Kg7 30. Rc2) 27... g6 28. Rb4 Rxb4 29. Nxb4 Nf6 30. Bf3 Be7 31. Nd5 Nxd5 32. Bxd5 {Accuracy: White = 88%, Black = 100%.} 1/2-1/2

[Event "3rd Shenzhen Longgong Masters Dute Cup"]
[Site "Shenzhen"]
[Date "2019.04.27"]
[Round "10.1"]
[White "Ding, Liren"]
[Black "Harikrishna, Pentala"]
[Result "1-0"]
[WhiteElo "2809"]
[BlackElo "2723"]
[Annotator "TA"]
[PlyCount "144"]
[EventDate "2019.04.17"]
[EventType "tourn"]
[EventCountry "CHN"]
[SourceTitle "playchess.com"]
[Source "ChessBase"]
[SourceQuality "1"]

{[%evp 19,144,0,20,0,0,0,0,0,0,-1,14,0,-12,-3,7,0,11,0,24,27,29,22,50,10,6,6,10,12,9,8,6,11,18,10,20,7,8,2,10,8,9,6,21,10,44,45,40,54,71,40,70,28,62,47,71,78,79,79,79,79,79,79,79,79,84,100,91,100,174,162,236,142,150,150,346,283,302,306,351,348,308,306,302,110,142,42,122,46,44,26,16,8,5,7,3,0,0,0,0,0,117,0,188,195,345,355,474,459,750,660,954,1075,840,735,1062,1037,1076,1055,2174,2138,1831,1107,3358,3000,29980,29980,2685]} 1. c4 Nf6 2. Nc3 e5 3. Nf3 Nc6 4. g3 d5 5. cxd5 Nxd5 6. Bg2 Nb6 7. O-O Be7 8. d3 O-O 9. Be3 Re8 10. Rc1 Bf8 11. Bg5 {A29: English Opening: Four Knights Variation with 4 g3} (11. a3 Nd4 12. Ne4 c6 13. Bg5 f6 14. Nxd4 exd4 15. Bd2 Be6 16. Re1 Bd5 17. Qc2 Qd7 18. b4 Rad8 19. Qb2 {0-1 (73) Nepomniachtchi,I (2767)-Karjakin,S (2785) Doha 2016}) 11... f6 12. Be3 Be6 $146 ({Predecessor:} 12... Bg4 13. Nd2 Rb8 14. Nb3 Nd4 15. Re1 c6 16. Ne4 Be6 17. Nec5 Bf7 18. Nxd4 exd4 {½-½ (38) Belchev,B (2320)-Jankowiak,A (2230) GER email 2014}) 13. Nd2 {The position is equal.} Qd7 14. Nb3 Bh3 15. Bxh3 Qxh3 16. Bc5 Bd6 17. e3 Rad8 18. Qf3 Nd7 19. Bxd6 cxd6 20. Nd5 Nb6 21. Nd2 (21. Nxb6 {feels hotter.} axb6 22. Qd5+ Qe6 23. Qb5 Ra8 24. a3) 21... Nxd5 22. Qxd5+ Qe6 23. Qxe6+ Rxe6 24. a3 Ree8 25. Rc2 d5 26. Nb3 Rd6 27. Rfc1 Kf7 28. Nc5 Nd8 29. b4 {[%cal Bb2b4,Bb4b5][%mdl 32]} Re7 30. Kf1 Ne6 31. a4 Ng5 32. b5 e4 33. d4 Nf3 34. h3 f5 35. Nb3 b6 36. Nd2 Ng5 37. h4 Ne6 38. Nb1 h6 39. Nc3 g5 40. hxg5 hxg5 41. Na2 f4 42. Nb4 Kf6 43. Rc8 Kf5 (43... Nd8 $16 {was necessary.}) 44. Rh8 $1 $18 Rf7 (44... fxe3 {is a better defense.} 45. fxe3 Ng7) 45. Ke2 f3+ 46. Kd2 Nf8 $2 (46... Nd8 $16 {was worth a try.} 47. Re8 Rfd7 48. g4+ Kf6) 47. Rc8 Ng6 48. Rh6 Ne7 49. Rxd6 Nxc8 50. Rxd5+ {[%mdl 4096] Endgame KRN-KRN} Kg4 {Black hopes to continue with ...Rh7.} 51. Nc6 $2 (51. Rd8 $1 $18 {[%cal Rd8c8] is the precise move to win.} Rh7 52. Nc6 (52. Rxc8 Rh2 $16)) 51... Kh3 $16 52. Ne5 (52. Rxg5 $6 Kg2 $11) (52. Rd8 $1 $16 {[%cal Rd8c8]} Rc7 53. d5) 52... Rf6 (52... Rg7 $14) 53. Rd8 ({Better is} 53. Rd7 $16) 53... Nd6 $14 54. Kc3 Nf5 {White must now prevent ...Nxe3.} 55. Rh8+ Kg2 {aiming for ...Nxe3!} 56. Ng4 $1 {[%cal Rg4f6]} Rf7 57. Rh2+ Kg1 58. Kc4 Rd7 59. Rh5 Rd6 (59... Nxe3+ $11 {keeps the balance.} 60. fxe3 f2 61. Nxf2 Kxf2 {[%mdl 64] Double Attack}) 60. d5 ({Weaker is} 60. Rxg5 Nh6 $15) ({White should try} 60. Rh7 $1 $16) 60... Rg6 $2 (60... Rd7 $11 {and Black is okay.}) 61. Rh7 Rd6 {[#]} (61... Kg2 $142 62. Rh2+ (62. Rxa7 Nh6 $18) 62... Kf1) 62. a5 $1 $18 ({Worse is} 62. Rxa7 Nh6 $17) 62... bxa5 63. Rxa7 Nh6 {[#]} (63... Rd8 $142 64. b6 Rc8+ 65. Rc7 Rb8) 64. Kc5 $1 {[%cal Rc5d6]} Rd8 65. Nxh6 Kxf2 {KRN-KR} 66. Nf5 Kg2 67. Rxa5 f2 68. Ra2 Kf3 {[#]} 69. Rxf2+ $3 Kxf2 70. b6 Rb8 71. d6 Kf3 72. d7 Rf8 {Accuracy: White = 60%, Black = 41%.} 1-0

[Event "3rd Shenzhen Longgong Masters Dute Cup"]
[Site "Shenzhen"]
[Date "2019.04.27"]
[Round "10.2"]
[White "Yu, Yangyi"]
[Black "Rapport, Richard"]
[Result "1/2-1/2"]
[WhiteElo "2751"]
[BlackElo "2726"]
[Annotator "TA"]
[PlyCount "149"]
[EventDate "2019.04.17"]
[EventType "tourn"]
[EventCountry "CHN"]
[SourceTitle "playchess.com"]
[Source "ChessBase"]
[SourceQuality "1"]

{[%evp 11,149,-41,-37,-31,-42,-37,-34,-42,-37,-56,0,0,0,0,0,0,0,-33,-41,-28,-31,-45,-45,-45,-41,-38,-48,-41,-34,-47,-40,-73,-57,-62,-41,-43,-47,-42,-39,-50,-47,-73,-73,-73,-73,-73,-73,-73,-73,-73,-81,-81,-81,-81,-81,-108,-108,-89,-97,-123,-116,-122,-120,-140,-140,-195,-211,-197,-180,-185,-157,-183,-179,-268,-268,-230,-268,-267,-267,-258,-243,-211,-193,-382,-370,-331,-325,-323,-316,-523,-509,-749,-686,-677,-448,-4133,-310,-423,-351,-356,-356,-356,-339,-397,-399,-391,-358,-381,-375,-326,0,0,0,0,0,0,0,0,0,0,0,0,0,0,0,0,0,-1025,-922,-605,0,0,0,0,0,0,0,0,0,0]} 1. e4 e6 2. d4 d5 3. Nd2 c5 4. Ngf3 Nc6 5. Bb5 a6 6. exd5 axb5 7. dxc6 {C07: French Tarrasch: 3...c5, 4 Ngf3 and 4 exd5 Qxd5} bxc6 8. dxc5 Bxc5 9. O-O {Black is slightly better.} Nf6 10. b3 $146 ({Predecessor:} 10. Qe2 O-O 11. Nb3 Bd6 12. Bg5 h6 13. Bh4 Be7 14. Nbd4 Qd5 {1-0 (24) Asis Gargatagli,H (2444)-Del Rio de Angelis,S (2534) Navalmoral 2011}) 10... Bd4 (10... O-O $15) 11. Nxd4 $11 Qxd4 12. Qf3 O-O 13. c3 Qd5 14. Qxd5 cxd5 15. Bb2 Bd7 16. c4 bxc4 17. bxc4 dxc4 18. Bxf6 gxf6 19. Nxc4 Rfb8 20. Rfc1 e5 21. Ne3 Be6 22. a4 Rb4 23. a5 Rb5 24. a6 Rb6 $1 25. a7 Rb7 26. g4 Raxa7 27. Rxa7 Rxa7 $17 {[%mdl 4096] Endgame KRB-KRN} 28. Kg2 Kg7 29. Kg3 Ra3 30. Rc5 Kg6 31. h3 h5 32. Rb5 Kh6 33. Rb8 f5 34. gxf5 Bxf5 35. Rb5 f6 36. Rb7 Kg6 37. Rc7 Rd3 38. h4 (38. Rb7 $17 {was necessary.}) 38... Be4 $19 39. Rc5 Rb3 40. Kh2 Bb7 41. Kg3 Ba8 42. Rc8 (42. Ra5 $142 Bc6 43. Kh2) 42... Be4 43. Rc5 Kf7 44. Kh2 Ke6 45. Rc8 Rb1 46. Re8+ Kf7 $1 {[%cal Rf7e8]} 47. Rd8 $2 (47. Rc8) 47... f5 {( -> ...Rh1+)} 48. Rd1 {If White can now play Rxb1 this consolidates a bit.} Rb2 49. Kg1 {If only White now had time for Nc4....} Ke6 50. Ra1 $2 (50. Nf1) 50... f4 51. Ng2 Kf5 52. Ne1 Rb3 53. Kf1 (53. Rc1 $142) 53... Rh3 $2 (53... f3 54. Kg1 Kf4) 54. Ra7 Bd5 55. Ra5 Rh1+ 56. Ke2 Bc4+ 57. Kd2 Rf1 58. f3 Ke6 59. Ra8 Rf2+ 60. Kc3 Re2 $2 (60... Bb5 $19 {And now ...Re2 would win.} 61. Rh8 Re2 62. Rh6+ Kd5) 61. Kxc4 $11 Rxe1 {KR-KR} 62. Re8+ Kf5 {White must now prevent ...Re3.} 63. Rf8+ Ke6 {aiming for ...Re3.} 64. Re8+ Kf6 {Threatens to win with ...Re3.} 65. Rf8+ $1 Kg7 66. Ra8 Rd1 (66... Re3 $5 67. Kd5 $8 Kh7 $11) 67. Re8 Kf6 {Hoping for ...Rf1.} 68. Rf8+ Ke7 (68... Ke6 $5 69. Re8+ $8 Kf6 70. Rf8+ Kg7 $11) 69. Rf5 $2 {[%mdl 8192] [#]} (69. Rh8 $11) 69... Ke6 $1 $19 {[%cal Re6f5]} 70. Rxh5 {[#]} Rf1 $2 ({Black should try} 70... Rc1+ $1 $19 71. Kd3 Re1) 71. Rh6+ $11 {The position is equal.} Kf5 72. Rh5+ Kf6 73. Rh6+ Kf5 74. Rh5+ Ke6 (74... Kf6 $5 75. Rh6+ $8 Kg7 $11) 75. Rh6+ {Accuracy: White = 58%, Black = 78%.} 1/2-1/2